000 00804nam a2200301Ia 4500
001 60847
003 IT-RoPAU
008 130308s9999 xx 000 0 und d
040 _aIT-RoPAU
040 _cIT-RoPAU
041 _aITALIANO
100 _aDi Benedetto Renato
100 _gCodice Aut. SPICS: 6450
245 _aPoetiche e polemiche
245 _bStoria dell'Opera Italiana-6-Teorie e Tecniche, immagini e Fantasmi
250 _a1a ed.
260 _aTORINO
260 _bEDT
260 _c1988 [1° Ed.:1988 - Ed.Ling.Originale:1988]
300 _a"76 p. (prefazione: no ; testo: 76 [pagine: 1-76])"
500 _aPoetiche del Melodramma
650 _aGENERI MUSICALI
650 _eCodice materia Spics: 7010
942 _cBK
957 _71
999 _c59488
_d59488
999 _bSI
999 _g1